000 00820cab a2200217 4500
001 WB2903-19
008 090401t1993 xxu||||| |||| 00| 0 eng d
035 _a(Sirsi) u31689
041 _aeng
245 _aProperty Holdings moves to privatisation
260 _c1993
350 _a0
490 _aBuilding
_v258(7778) 22 January 1993, 12(1)
520 _aMinisters will take the first steps this year towards privatising Property Holdings, the landlord of 3000 government buildings. The 400 strong division, part of the DoE, will be turned into an executive agency, requiring it to produce commerical accounts and make a profit.
650 _aCOMMON USER ESTATE
650 _aEXECUTIVE AGENCIES
650 _aPROPERTY HOLDINGS
690 _aPROPERTY-COMMERCIAL PROPERTY
942 _n0
948 _c04/03/1997
999 _c21272
_d21272